00422nam a2200121Ia 4500008004100000082002000041100002500061245003600086260004200122300001000164630001800174650010800192211109s9999||||xx |||||||||||||| ||und|| a894.8122bKEL-V aKelu Nair, Vidhvan P 0aVidwan P.Kelunayarute Krithikal bKerala Sahitya AkademiaTrichurc1975 a240p. xGENERAL STACK aLiterature & rhetoricvLiteratures of other languagesxAltaic, Uralic, Hyperborean & DravidianMalayalam